| 000 | 01092cam a2200289 i 4500 | ||
|---|---|---|---|
| 999 |
_c4258 _d4258 |
||
| 001 | vtls002369119 | ||
| 003 | NUKAT | ||
| 005 | 20200131153443.0 | ||
| 008 | 120217s1964 xxk |000 0 eng c | ||
| 035 | _axx002369119 | ||
| 039 | 9 |
_a201511270014 _bAUTHORITY _c201403121235 _dpski _c201303060120 _dVLOAD _c201303050133 _dVLOAD |
|
| 040 |
_aNUKAT _cWA U/81ANA _dWA U/KJD _dWA U/81HRs _dWA U/EBA |
||
| 100 | 1 |
_aBudden, Kenneth George _d(1915-2005). |
|
| 245 | 1 | 0 |
_aLectures on magnetoionic theory / _cK. G. Budden. |
| 260 |
_aLondon ; _aGlasgow : _bBlackie and Son, _ccop. 1964. |
||
| 300 |
_a82 s. ; _c24 cm. |
||
| 336 |
_aTekst _btxt _2rdacontent |
||
| 337 |
_aBez urządzenia pośredniczącego _bn _2rdamedia |
||
| 338 |
_aWolumin _bnc _2rdacarrier |
||
| 490 | 1 | _aDocuments on Modern Physics | |
| 500 | _aLectures given at Les Houches in 1962. | ||
| 504 | _aBibliogr. s. 76-77. | ||
| 650 | _aFale elektromagnetyczne. | ||
| 650 | _aPole magnetyczne. | ||
| 650 | _aPropagacja jonosferyczna fal radiowych. | ||
| 951 | _aKIEL_008 | ||
| 830 | 0 | _aDocuments on Modern Physics | |
| 942 |
_2ddc _cBK |
||